000 00388nam a2200157Ia 4500
008 230524s9999 xx 000 0 und d
082 _a621.382
_bAME
100 _aAhmadul Ameen
_924262
245 0 _aRefrigeration and Air Conditioning
250 _a1ST
260 _aNEW DELHI
_bPHI
_c2006
300 _aVIII;550
500 _aQuantity Number: 1
650 _aMechanics
942 _cBK
999 _c35854
_d35854